000 nam a22 7a 4500
999 _c10721
_d10721
008 180222b ||||| |||| 00| 0 eng d
100 _aOswall, Books
_96579
245 _aWorksheets social science -VIII
260 _aAgra
_bOswell Books
_c2015